000
00266nam a2200085Ia 4500
008
170620s9999 xx 000 0 und d
100
_a
Sharma- R. A.
245
0
_a
Essentials of Educational Technology- Managing Teaching Learning
260
_b
Meerut- International Publishing House
260
_c
2004
999
_c
23939
_d
23939